000 01007nam a2200313 i 4500
003 CO-BoRNBP
005 20240729160319.0
007 ta
008 240729s2006 ck a|||| |||| 00| 0 spa d
020 _a9789583802188
040 _aCO-BoRNBP
_bspa
_cCO-BoRNBP
_drda
041 _aspa
043 _as-ck---
084 _aP BAR10
100 1 _aBaranda, María
_dautora
_941852
245 _aDigo de noche un gato
_by otros poemas
_cMaría Baranda; ilustraciones, Julián Cicero
250 _aPrimera edición, marzo de 2006
_bprimera reimpresión, abril de 2013
264 1 _aBogotá, Colombia
_bEl Naranjo
_c2006
264 4 _c©2006
300 _a88 páginas
_bilustraciones a color
_c13 x 20cm
336 _2rdacontent
_atexto
_btxt
337 _2rdamedia
_asin mediación
_bn
338 _2rdacarrier
_avolumen
_bnc
650 1 7 _2LEMB
_aPoesía infantil
_91029
650 1 7 _2LEMB
_avida cotidiana
_913278
650 1 7 _2LEMB
_aamistad
_941853
650 1 7 _2LEMB
_aimaginación
_941854
942 _2ddc
_cBKINF
999 _c38246
_d38246